• 首页
  • 本馆介绍
  • 公告通知
  • 最新文献
  • 馆藏检索
  • 电子资源
  • 读者导购
  • 参考咨询
  • 我的图书馆
  • 登录
  • 详细信息显示
  • 放入我的书架
  • 预约/预借图书
  • 作者相关作品
  • 分类相关作品
  • 丛书相关作品
  • 出版社相关作品

书目信息

  • 表格格式
  • 工作单格式
  • 卡片格式
题名:
社交礼仪教程
    
 
作者: 金正昆 著
分册:  
出版信息: 北京   中国人民大学出版社  2016
页数: 280页
开本: 26cm
丛书名:
单 册:
中图分类: C912.12
科图分类:
主题词: 心理交往--礼仪--教材
电子资源:
ISBN: 978-7-300-22718-4
000 00834nam0 2200241 450
001 3399
005 20180528103951.72
010    @a978-7-300-22718-4@dCNY39.80
100    @a20161019d2016 em y0chiy50 ea
101 0  @achi
102    @aCN@b110000
105    @ay z 000yy
200 1  @a社交礼仪教程@9she jiao li yi jiao cheng@f金正昆著
205    @a5版
210    @a北京@c中国人民大学出版社@d2016
215    @a280页@d26cm
300    @a21世纪实用礼仪系列教材
330    @a本书主要介绍各种社交活动中需要掌握的礼仪规范。在个人礼仪、公共礼仪、交往礼仪、通联礼仪、餐饮礼仪等方面,它具体明确了重交际、勤沟通、讲教养、树形象的当代人应如何“有所为”与“有所不为”。
606 0  @a心理交往@x礼仪@j教材
690    @aC912.12@v5
701  0 @a金正昆@9jin zheng kun@4著
801  0 @aCN@b91MARC@c20161019
905    @aMuseLib@dC912.12@e1326=5
    
    社交礼仪教程/金正昆著.-5版.-北京:中国人民大学出版社,2016
    280页;26cm
    21世纪实用礼仪系列教材
    
    ISBN 978-7-300-22718-4:CNY39.80
    本书主要介绍各种社交活动中需要掌握的礼仪规范。在个人礼仪、公共礼仪、交往礼仪、通联礼仪、餐饮礼仪等方面,它具体明确了重交际、勤沟通、讲教养、树形象的当代人应如何“有所为”与“有所不为”。
●
相关链接 在E读中查询图书 在五车中查询图书 在当当中查询图书 在豆瓣中查询图书


正题名:社交礼仪教程     索取号:C912.12/1326=5         预约/预借

序号 登录号 条形码 馆藏地/架位号 状态 备注
1 1109048   211090488   第一样本阅览室/ [索取号:C912.12/1326=5] 在馆    
2 1109049   211090497   教育系资料室/ [索取号:C912.12/1326=5] 在馆    
3 1109050   211090503   教育系资料室/ [索取号:C912.12/1326=5] 在馆    
4 1109051   211090512   第一借阅区/ [索取号:C912.12/1326=5] 在馆    
唐山师范学院图书馆 欢迎您!
大连网信软件有限公司© 版权所有